Historical figures by picture - T and U - Statistics

General Stats
  • This quiz has been taken 459 times
  • The average score is 10 of 20
Answer Stats
Picture Hint Answer % Correct
1925-2013 Thatcher
97%
1910-1997 Teresa
95%
1856-1943 Tesla
86%
1884-1972 Truman
84%
1341 BCE -1323 BCE Tutankhamun
68%
1835-1910 Twain
67%
1932-2011 Taylor
62%
1931-2021 Tutu
60%
ca. 1821-1913 Tubman
59%
1879-1940 Trotsky
51%
1892-1980 Tito
45%
1828-1910 Tolstoy
45%
1912-1954 Turing
42%
42 BCE -37 AD Tiberius
38%
ca. 1035-1099 (starts with U) Urban II
36%
1884-1948 Tojo
32%
1336-1405 Tamerlane
23%
500-548 Theodora
18%
544 BCE- 496 BCE Sun Tzu
12%
1864-1901 Toulouse-Lautrec
9%
No matching quizzes found
Score Distribution
Percent of People with Each Score
Percentile by Number Answered
Your Score History
You have not taken this quiz